000 00575nam a2200217Ia 4500
005 20230612121227.0
008 131103s9999 xx 000 0 und d
020 _a415226600
_cGBP 18.99
040 _aLoreto College
041 _aEnglish
082 _a940.2
_bSIM
100 _aSimpson, William
245 _aEurope, 1783-1914
_cWilliam Simpson and Martin Jones
260 _aLondon and New York
_bRoutledge
_c2000
300 _axi,388p
_b ill
504 _aIncludes index
650 _aEurope, 1783-1914
700 _aJones, Martin
850 _aLCLIB
942 _cBK
999 _c5249
_d55728